| 000 | 00000nam##2200000za#4500 |
| 001 | 9.569635 |
| 003 | CaOODSP |
| 005 | 20210624181848 |
| 007 | cr ||||||||||| |
| 008 | 150406|2003||||xxc|||||o f|0| 0 eng|d |
| 040 | |aCaOODSP|beng |
| 043 | |an-cn--- |
| 086 | 1 |aNH18-1/116-2003E-PDF |
| 110 | 2 |aCanada Mortgage and Housing Corporation. |
| 245 | 10|aCase studies of major home energy retrofits : |h[electronic resource]|bfinal report / |cby Robert S. Dumont, Tom J. L. MacDermott, Jerry T. Makohon ...[et al.]. |
| 260 | |aOttawa - Ontario : |bCanada Mortgage and Housing Corporation |c2003. |
| 300 | |a108p.|bfigs., graphs, references, tables |
| 490 | 1 |aResearch report |
| 546 | |a(Résumé en français.) |
| 590 | |a12-28-Supp|b2012-06-15 |
| 710 | 2 |aSaskatchewan Research Council. |
| 720 | 1 |aDumont, Robert S. |
| 720 | 1 |aMakohon, Jerry |
| 720 | 1 |aMacDermott, Tom J. L. |
| 830 | #0|aResearch report (Canada Mortgage and Housing Corporation : Online)|w(CaOODSP)9.506068 |
| 856 | 40|ahttp://publications.gc.ca|qPDF|s995 KB|uhttps://publications.gc.ca/collections/collection_2011/schl-cmhc/nh18-1/NH18-1-116-2003-eng.pdf |